Höchstgelegene Länder (nach Maximum) - Statistiken

Allgemein
  • Dieses Quiz wurde 87 mal gespielt
  • Das Durchschnittsergebnis liegt bei 17 aus 20
Antwortstatistiken
Höhe Land % Korrekt
8849 China
100%
8849 Nepal
97%
6893 Chile
95%
8586 Indien
95%
6746 Peru
94%
7492 Afghanistan
91%
5642 Russland
91%
6542 Bolivien
90%
8611 Pakistan
90%
6962 Argentinien
86%
7570 Bhutan
86%
6190 USA
86%
7010 Kasachstan
85%
7439 Kirgisistan
85%
7495 Tadschikistan
85%
5730 Kolumbien
83%
5959 Kanada
79%
6267 Ecuador
74%
5895 Tansania
64%
5870 Myanmar
51%
Keine übereinstimmenden Quizze gefunden
Verteilung der Resultate
Anzahl Personen mit jedem Resultat
Perzentil nach korrekt beantworteten Fragen
Ihre Resultats-Entwicklung
Sie haben dieses Quiz noch nicht gespielt